000 01012nam a2200229 4500
001 116288
003 ES-MaACL
005 20250809012558.0
007 t|
008 061121s1906 sp r ||||1| spa d
100 1 _aOsma, G. J. de.
_987757
245 1 3 _aDiscursos leídos ante la Real Academia de Ciencias Morales y Políticas en la recepción pública del... Sr. D. Guillermo Joaquín de Osma y Scull el día 13 de Mayo de 1906, [discurso de contestación del Sr. D. Gumersindo de Azcarate].
260 _aMadrid :
_b[s.n.],
_c1906 (
_fImp. de los Hijos de M.G. Hernández)
300 _a84 p. ;
_c27 cm.
500 _aTema- La protección arancelaria. Análisis de un corte y de su justificación.
650 7 _aAranceles de aduanas
_2embne
_9135594
700 1 _aAzcárate, Gumersindo de,
_d1840-1917
_924243
710 2 _aReal Academia de Ciencias Morales y Políticas (España)
_9222050
852 _aES-MaACL
_jL-4915(23-1)
_z.- Donativo Roda
942 _2udc
999 _c116288
_d116288